1337 1218 1818 1957 1014 1348 1726 1267 1799 1051 1250 1354 1287 1071 1979 1689 1175 1862 1509 1472 1875 1206 1480 1782 1468 1817 1872 1266 1159 1955 1367 1455 1550 1535 1135 1582 1828 1610 1261 1586 1226 1447 1573 1256 1050 1871 1855 1960 1642 1464 1501 1787 1834 1637 1789 1824 1626 1112 1985 1932 1580 1452 1127 1840 1907 1547 1348 1737 1730 1277 1596 1533 1373 1420 1014 1392 1153 1028 1256 1051 1171 1570 1932 1702 1680 1180 1081 1497 1359 1811 1269 1969 1046 1704 1866 1465 1354 1556 1340 BCNSPRNW ULIB Ver.6.0+V

เปลี่ยนเป็นภาษาไทย

Change to English
 แสดงรายละเอียดบรรณานุกรม
  กลับหน้าหลัก

Brief Record : Get Marc (ISO 2709) : E-mail record : QR code < ปิดหน้าต่าง
LEADER : 00000nam 2200000uu 4500
001    13399127145
003     ULIB
008    191017s2017||||th 000 0 tha d
020    ^a9781316640050 (pbk.)
050  4 ^aPE1128^bM664
245 00 ^aMindset for IELTS :^ban official Cambridge IELTS course.^nStudent s book 1 /^cGreg Archer ... [et al.]
246 30 ^aCambridge English.^pMindset for IELTS :^ban officialCambridge IELTS course.^nStudent s book 1
250    ^a1st ed.
260    ^a[Cambridge] :^bCambridge University Press,^c2017
300    ^a189 p. :^bcol. ill. ;^c28 cm.
650  0 ^aEnglish language^vTextbooks for foreign speakers
650  0 ^aEnglish language^vExaminations, questions, etc.
650  0 ^aEnglish language^xExaminations
650  0 ^aInternational English Language Testing System
653    ^aIELTS
700 1  ^aArcher, Greg
945    ^p0^l0^i27865
999    ^aกัณชพร จุลอักษร
รายการนี้ยังไม่มีแท็ก
คุณยังไม่ได้ล็อกอิน คุณสามารถมีกิจกรรมร่วมกับเว็บไซต์ได้ แต่ต้องล็อกอินก่อน ::
  ล็อกอิน

รายการสื่อสารสนเทศ

ลำดับที่ ประเภท เลขเรียก/บาร์โค้ด สถานที่ สถานะ
1. วิทยาศาสตร์การแพทย์ และสุขภาพ
วิทยาศาสตร์การแพทย์ และสุขภาพ
PE1128 M664 ฉ.1 
  Barcode: 27865
ห้องสมุดวิทยาเขตนครสวรรค์
►หนังสือทั่วไป:l:General Books
บนชั้น

รายการใกล้เคียง
    หัวเรื่อง [International English Language Testing System]

BibComment


ยังไม่เคยถูกคอมเมนท์

คอมเมนท์ทรัพยากรรายการนี้
  คอมเมนท์: Mindset for IELT..


 Copyright 2026. Bcnsprnw @Library